Prontuario jurídico bancario
Saved in:
| Hovedforfatter: | |
|---|---|
| Format: | Bog |
| Sprog: | spansk |
| Udgivet: |
Santiago
Jurídica de Chile
1985
|
| Udgivelse: | 4a. ed |
| Fag: | |
| Tags: |
Tilføj Tag
Ingen Tags, Vær først til at tagge denne postø!
|
MARC
| LEADER | 00000nam a2200000 a 4500 | ||
|---|---|---|---|
| 001 | UCV2089 | ||
| 003 | CL-VaPUC | ||
| 008 | 911015e19850000CL |||||||||||||||||spa|d | ||
| 082 | 0 | 4 | |a 346.082 |b CRU |2 21 |
| 100 | |a Cruz Ortíz, Neftalí |e autor |9 296318 | ||
| 245 | 1 | 0 | |a Prontuario jurídico bancario |
| 250 | |a 4a. ed | ||
| 300 | |a 395 p | ||
| 942 | |c BK | ||
| 945 | |d 19911015 00:00:00 | ||
| 260 | |a Santiago |b Jurídica de Chile |c 1985 | ||
| 650 | 0 | |a Bancos |9 254963 | |
| 651 | 7 | |a CHILE |2 CL-VaPUC |9 296319 | |
| 583 | |a last modification |c 19911015 00:00:00 |k Rodrigo Vera | ||
| 999 | |c 209774 |d 209772 | ||
| 952 | |0 0 |1 0 |4 0 |6 346_082000000000000_CRU_1985 |7 0 |8 A |9 185514 |a BIBDER |b BIBDER |d 2019-11-14 |i 2529971 |o 346.082 CRU 1985 |p 2529971 |r 2019-11-14 |w 2019-11-14 |y BK |k DER | ||